000 00614nam a22001817a 4500
003 CEME
005 20210628201754.0
008 210208b xxu||||| |||| 00| 0 eng d
020 _a1-58053-890-8
040 _c.
082 _a621.38456 HEN
100 _aHenry- Labordere, Arnaud ,Jonack, Vincent
_956763
245 _aSms and mms interworking in mobile networks
260 _aNEW YORK
_bARTECH HOUSE
_c2004
300 _aXVI,328P
650 _aGLOBAL SYSTEM FOR MOBILE COMMUNICATIONS, TEXT MESSAGES (TELEPHONE SYSTEMS) MULTIMEDIA SYSTEMS.SMS AND MMS INTERWORKING IN MOBILE NETWORKS
_956764
942 _cBK
_2ddc
999 _c567117
_d567117